Countries with most Dogs - Statistics

General Stats
  • This quiz has been taken 54 times
  • The average score is 7 of 10
Answer Stats
Dogs Country % Correct
75.8 million United States
100%
27.4 million China
93%
15.0 million Russia
88%
7.4 million France
85%
35.7 million Brazil
80%
12.0 million Japan
73%
10.2 million India
71%
9.2 million Argentina
46%
11.6 million Philippines
34%
4.1 million Romania
2%
No matching quizzes found
Score Distribution
Percent of People with Each Score
Percentile by Number Answered
Your Score History
You have not taken this quiz